| 000 | 00546nam a22001817a 4500 | ||
|---|---|---|---|
| 003 | OSt | ||
| 005 | 20221103182710.0 | ||
| 008 | 150522b xxu||||| |||| 00| 0 eng d | ||
| 020 | _a978-0-921972-60-0 | ||
| 040 | _cBiblioteca Lado V | ||
| 082 |
_a750 _bM745f |
||
| 100 |
_9306 _aMonk, Philip _eCurador |
||
| 245 |
_aFastwurms/ _bDonky@Ninja@Witch/ |
||
| 260 |
_aYork _bArt Gallery of York University _c2007 |
||
| 300 |
_a111p. _c20x29cm |
||
| 651 |
_2Tesauro de Arte & Arquitectura _aMEXICO |
||
| 942 |
_2ddc _c1 _h750 _iM745f _n0 |
||
| 999 |
_c2496 _d2496 |
||